Otázky a odpovědi o Six Sigma

Výklad pojmu Six Sigma. Six Sigma je stratégia, ktorá vykonáva také organizačné zmeny v podniku, aby maximálne uspokojila potreby zákazníka pri čo najmenších vlastných nákladoch. Six Sigma je obchodná stratégia. Je to nový spôsob riadenia organizácie, ktorý ponúka metodiku najlepšieho riadenia organ...

Description complète

Enregistré dans:
Détails bibliographiques
Auteur principal: Tošenovský, Josef
Format: Chapitre de livre
Langue:tchèque
Sujets:
Tags: Ajouter un tag
Pas de tags, Soyez le premier à ajouter un tag!

MARC

LEADER 00000naa$a2200000$$$4500
001 0003774
005 20231002070512.1
041 0 |a cze 
044 |a SK 
245 1 0 |a Otázky a odpovědi o Six Sigma  |c aut. Josef Tošenovský 
520 |a Výklad pojmu Six Sigma. Six Sigma je stratégia, ktorá vykonáva také organizačné zmeny v podniku, aby maximálne uspokojila potreby zákazníka pri čo najmenších vlastných nákladoch. Six Sigma je obchodná stratégia. Je to nový spôsob riadenia organizácie, ktorý ponúka metodiku najlepšieho riadenia organizácie v danej situácii. Okruh otázok a odpovedí, ktoré zaujímajú organizácie k téme Six Sigma. 
610 2 0 |a zmeny organizačné 
610 2 0 |a metodika 
610 2 0 |a stratégia podniková 
610 2 0 |a ciele podnikové 
100 1 |a Tošenovský, Josef